[Event "Ch Great Britain (corr.)"]
[Site "masterchessopen.com – corr."]
[Round "0"]
[White "Hutchings Stuart J (WLS)"]
[Black "Black Richard (BER)"]
[Result "1-0"]
[WhiteElo "2325"]
[BlackElo "2227"]

1.d4 Nf6 2.c4 g6 3.Nc3 Bg7 4.e4 d6 5.f3 O-O 6.Be3 Nc6 7.Nge2 a6 8.Qd2 Rb8 9.h4
e5 10.d5 Na5 11.Ng3 c5 12.h5 Bd7 13.Rb1 b5 14.cxb5 Bxb5 15.Nxb5 axb5 16.b4
cxb4 17.Rxb4 Nc4 18.Bxc4 bxc4 19.h6 c3 20.Qxc3 Qa5 21.Bd2 Rbc8 22.hxg7 Rxc3
23.gxf8=Q+ Kxf8 24.Bxc3 Qxa2 25.O-O Qc2 26.Rc4 h5 27.Rf2 Qc1+ 28.Nf1 h4 29.Rc6
Qa3 30.Bxe5 dxe5 31.Rxf6 Qa7 32.f4 {#r} 1-0

[Event "?"]
[Site "masterchessopen.com – Dortmund (Germany)"]
[Round "0"]
[White "Duesterwald Marc (GER)"]
[Black "Reschke Stefan (GER)"]
[Result "0-1"]
[WhiteElo "2195"]
[BlackElo "2361"]

1.d4 Nf6 2.c4 g6 3.Nc3 Bg7 4.e4 d6 5.f3 O-O 6.Be3 Nc6 7.Qd2 a6 8.Nge2 Rb8 9.h4
h5 10.O-O-O e5 11.Bg5 Qe8 12.Nd5 Nxd5 13.exd5 Nxd4 14.Nxd4 exd4 15.Bd3 Qa4
16.Bh6 b5 17.Bxg7 Kxg7 18.cxb5 Qxa2 19.g4 Qxd5 20.gxh5 Qxh5 21.Rdg1 Rh8 22.Rg5
Qxf3 23.Re1 Rxh4 24.Kb1 Rh1 25.Rxh1 Qxh1+ 26.Kc2 Be6 27.Bxg6 fxg6 28.Qxd4+ Kh7
29.Qf6 Qe4+ 30.Kc1 Bb3 {#R} 0-1

[Event "Regionalliga NordS"]
[Site "masterchessopen.com – Germany"]
[Round "0"]
[White "Heinsohn Thomas (GER)"]
[Black "Rohde Ulrich (GER)"]
[Result "0-1"]
[WhiteElo "2146"]
[BlackElo "2204"]

1.d4 Nf6 2.c4 g6 3.Nc3 Bg7 4.e4 d6 5.f3 O-O 6.Be3 Nc6 7.Nge2 a6 8.Qd2 Rb8 9.d5
Ne5 10.Nd4 c5 11.dxc6 bxc6 12.Be2 c5 13.Nb3 Rb4 14.Rd1 Qb6 15.Qc2 Be6 16.Nd5
Bxd5 17.exd5 a5 18.Rb1 Rb8 19.Bc1 a4 20.Nd2 Bh6 21.a3 Bxd2+ 22.Qxd2 Nxc4
23.Qc3 Nxd5 24.Qd3 Nxa3 25.Qxa3 c4 26.Bd2 c3 27.Bh6 Rxb2 28.Rc1 Qd4 29.Rf1
Qh4+ 30.g3 Qxh6 {#R} 0-1

[Event "Ch Great Britain"]
[Site "masterchessopen.com – Great Britain"]
[Round "0"]
[White "Fraser-Mitchell J M Dr (ENG)"]
[Black "Hennigan Michael (ENG)"]
[Result "0-1"]
[WhiteElo "2085"]
[BlackElo "2295"]

1.d4 g6 2.c4 Bg7 3.e4 d6 4.Nc3 Nf6 5.f3 O-O 6.Be3 Nc6 7.Nge2 a6 8.Qd2 Rb8
9.Nc1 e5 10.Nb3 exd4 11.Nxd4 Re8 12.Be2 Nxd4 13.Bxd4 c6 14.O-O b5 15.cxb5 axb5
16.a3 b4 17.axb4 Rxb4 18.Rfd1 Rxd4 19.Qxd4 Nxe4 20.Qxe4 Rxe4 21.Nxe4 Bxb2
22.Ra2 Be5 23.g3 Be6 24.Ra6 Bd5 25.Nf2 Qb8 26.Ng4 Qb2 27.Kf1 Bd4 28.Ra4 Bc5
29.Ra8+ Kg7 30.Re8 Qb6 31.h4 h5 32.Nh2 Bg1 33.Kg2 {#R} 0-1

[Event "It (open)"]
[Site "masterchessopen.com – Lugano (Switzerland)"]
[Round "0"]
[White "Hertzog Peter (GER)"]
[Black "Kljako Damir (CRO)"]
[Result "0-1"]
[WhiteElo "2131"]
[BlackElo "2182"]

1.d4 Nf6 2.c4 g6 3.Nc3 Bg7 4.e4 d6 5.f3 O-O 6.Be3 Nc6 7.Qd2 a6 8.Nge2 Rb8
9.Bh6 e5 10.O-O-O b5 11.h4 bxc4 12.Bxg7 Kxg7 13.h5 Ng8 14.g4 g5 15.d5 Na5
16.Na4 Rb5 17.Ng3 Bd7 18.b4 cxb3 19.Bxb5 bxa2 20.Kb2 c5 21.Nb6 Qxb6 22.Qxg5+
Kh8 23.h6 Qxb5+ 24.Ka1 Nb3+ 25.Kxa2 Nc1+ 26.Qxc1 Rb8 27.Qa3 Qc4+ 28.Ka1 Rb3
29.Qa5 Rb4 {#R} 0-1

[Event "It (open)"]
[Site "masterchessopen.com – Mendrisio (Switzerland)"]
[Round "2"]
[White "Belotti Bruno (ITA)"]
[Black "Noyer Oliver (SUI)"]
[Result "0-1"]
[WhiteElo "2340"]
[BlackElo "2002"]

1.d4 Nf6 2.c4 g6 3.Nc3 Bg7 4.e4 d6 5.f3 O-O 6.Be3 Nc6 7.Nge2 a6 8.Qd2 Rb8 9.h4
h5 10.O-O-O b5 11.Nf4 bxc4 12.g4 e5 13.dxe5 dxe5 14.Nfd5 Nd4 15.Be2 c6
16.Nxf6+ Bxf6 17.gxh5 Qa5 18.hxg6 Be6 19.Rhg1 Rfd8 20.Bxd4 exd4 21.Qh6 Rxb2
22.gxf7+ Kxf7 23.Qh7+ Kf8 24.Qh6+ Ke8 25.Na4 Rc2+ {#R} 0-1

[Event "?"]
[Site "masterchessopen.com – Predeal (Romania)"]
[Round "0"]
[White "Gheorghiu Florin (ROM)"]
[Black "Tratatovici Moise (ISR)"]
[Result "1-0"]
[WhiteElo "2383"]
[BlackElo "2265"]

1.d4 Nf6 2.c4 g6 3.Nc3 Bg7 4.e4 d6 5.f3 O-O 6.Be3 Nc6 7.Nge2 a6 8.Qd2 Rb8 9.h4
e5 10.d5 Na5 11.Ng3 c5 12.Bh6 Bxh6 13.Qxh6 Bd7 14.h5 Qe7 15.Be2 b5 16.O-O-O
Nxc4 17.Bxc4 bxc4 18.Nf1 Ne8 19.Ne3 Nc7 20.hxg6 fxg6 21.Qh4 Rf6 22.f4 Rf7
23.Qxe7 Rxe7 24.fxe5 Rxe5 25.Nxc4 Rg5 26.e5 Rb4 27.b3 dxe5 28.Ne4 Rf5 29.Nxc5
Bb5 30.d6 Bxc4 31.dxc7 {#r} 1-0

[Event "Olympiad"]
[Site "masterchessopen.com – Salonika (Greece)"]
[Round "0"]
[White "Haba Petr (CZE)"]
[Black "Santamaria V (AND)"]
[Result "1-0"]
[WhiteElo "2475"]
[BlackElo "2084"]

1.d4 Nf6 2.c4 g6 3.Nc3 Bg7 4.e4 d6 5.f3 Nc6 6.Nge2 a6 7.Be3 Rb8 8.Qd2 O-O
9.Rb1 Re8 10.b4 b5 11.cxb5 axb5 12.d5 Ne5 13.Nd4 Bd7 14.Be2 Qc8 15.O-O c6
16.dxc6 Bxc6 17.Ncxb5 Qd7 18.a4 d5 19.Bf4 Nh5 20.Nxc6 Qxc6 21.exd5 {#r} 1-0

[Event "It (open)"]
[Site "masterchessopen.com – St. Ingbert (Germany)"]
[Round "8"]
[White "Mazorkiewicz Cas"]
[Black "Priepke Wolfgang"]
[Result "1-0"]
[WhiteElo "1936"]
[BlackElo "1472"]

1.c4 Nf6 2.d4 g6 3.Nc3 Bg7 4.e4 d6 5.f3 O-O 6.Be3 Nc6 7.Nge2 a6 8.Qd2 Rb8 9.g4
e5 10.d5 Nd4 11.Nxd4 exd4 12.Bxd4 Re8 13.O-O-O Bd7 14.h4 b5 15.h5 b4 16.Ne2
Bxg4 17.fxg4 Nxe4 18.Qf4 c5 19.Bxg7 g5 20.Qf5 Kxg7 21.Rh3 Qa5 22.h6+ Kf8
23.Rf3 Rb7 24.Qxh7 Qxa2 25.Qg7+ Ke7 26.Qxf7+ Kd8 27.Qxb7 Qa1+ 28.Kc2 Qa4+
29.Rb3 Nf2 30.Rd2 Re3 31.Nc1 Ne4 32.h7 {#r} 1-0

[Event "Tournament (open)"]
[Site "masterchessopen.com – Belfast (North Ireland)"]
[Round "5"]
[White "Palmer Bernard (IRL)"]
[Black "Hynes Kilian A (IRL)"]
[Result "0-1"]
[WhiteElo "2006"]
[BlackElo "2227"]

1.d4 Nf6 2.c4 g6 3.Nc3 Bg7 4.e4 d6 5.f3 O-O 6.Be3 Nc6 7.Qd2 a6 8.Nge2 Rb8
9.Nc1 e5 10.d5 Nd4 11.N1e2 c5 12.dxc6 Nxc6 13.Nc1 Be6 14.Be2 b5 15.cxb5 axb5
16.Bxb5 Nd4 17.Bd3 d5 18.exd5 Nxd5 19.Nxd5 Bxd5 20.Bxd4 exd4 21.O-O Re8 22.b3
Re3 23.Ne2 Qh4 24.Rfd1 Be5 25.Ng3 Bxg3 26.hxg3 Qxg3 27.Qf2 Qg5 28.f4 Qg4
29.Rd2 Bxg2 {#R} 0-1

[Event "Ch Paraguay"]
[Site "masterchessopen.com – Asuncion (Paraguay)"]
[Round "1"]
[White "Martinez Lelys (CUB)"]
[Black "Riego Victorio (PAR)"]
[Result "0-1"]
[WhiteElo "2464"]
[BlackElo "2168"]

1.d4 g6 2.c4 Bg7 3.Nc3 d6 4.e4 Nc6 5.Be3 Nf6 6.f3 O-O 7.Nge2 a6 8.Qd2 Rb8 9.g4
b5 10.cxb5 axb5 11.Ng3 b4 12.Nce2 Na5 13.Nf4 c6 14.h4 Ne8 15.h5 e5 16.dxe5
Bxe5 17.hxg6 fxg6 18.Bd3 Qe7 19.O-O Qf6 20.Nfe2 Bxb2 21.Bg5 Qe5 22.Rab1 Bc3
23.Qe3 c5 24.Kg2 Be6 25.Rbc1 Bxa2 26.Nxc3 bxc3 27.f4 Rb2+ 28.Kf3 Qxg5 {#R} 0-1

[Event "Ch Bayern (b)"]
[Site "masterchessopen.com – Bayern (Germany)"]
[Round "0"]
[White "Meier Thomas (GER)"]
[Black "Kugelmann Werner (GER)"]
[Result "1-0"]
[WhiteElo "2224"]
[BlackElo "2190"]

1.d4 Nf6 2.c4 g6 3.Nc3 Bg7 4.e4 d6 5.f3 O-O 6.Be3 Nc6 7.Qd2 a6 8.Nge2 Rb8 9.d5
Ne5 10.Ng3 c5 11.b3 Qa5 12.f4 Ned7 13.a4 Ne8 14.Bd3 e6 15.dxe6 fxe6 16.O-O Qd8
17.f5 Ne5 18.Bg5 Bf6 19.Bf4 Bd7 20.Rf2 Ng7 21.Raf1 Qe7 22.Be2 Rbd8 23.h3 Bc6
24.Bh6 Nf7 25.Bxg7 Bxg7 26.f6 {#r} 1-0

[Event "It (open)"]
[Site "masterchessopen.com – Cannes (France)"]
[Round "0"]
[White "Murey Jacob (ISR)"]
[Black "Kljako Damir (CRO)"]
[Result "1-0"]
[WhiteElo "2535"]
[BlackElo "2182"]

1.c4 g6 2.e4 Bg7 3.d4 d6 4.Nc3 Nf6 5.f3 O-O 6.Be3 Nc6 7.Nge2 a6 8.Qd2 Rb8 9.h4
b5 10.h5 bxc4 11.hxg6 fxg6 12.Nf4 Na5 13.O-O-O e6 14.g4 c6 15.g5 Nh5 16.Nxh5
gxh5 17.f4 Bd7 18.Be2 Be8 19.Bxh5 Bxh5 20.Rxh5 Rf7 21.Qh2 c5 22.Rxh7 Qb6
23.Rh1 Kf8 24.g6 cxd4 25.Rxg7 Rxg7 26.Qh8+ Rg8 27.Qf6+ Ke8 28.Qxe6+ Kd8
29.Qxg8+ Kd7 30.Qh7+ {#r} 1-0

[Event "It (open)"]
[Site "masterchessopen.com – Chianciano Terme (Italy)"]
[Round "0"]
[White "Marinelli Tullio (ITA)"]
[Black "Schiappacasse Marcello (ITA)"]
[Result "1-0"]
[WhiteElo "2373"]
[BlackElo "1841"]

1.d4 Nf6 2.c4 g6 3.Nc3 Bg7 4.e4 d6 5.f3 O-O 6.Be3 Nc6 7.Nge2 a6 8.Qd2 Rb8
9.Nc1 e5 10.d5 Ne7 11.c5 Nh5 12.Nd3 f5 13.Be2 f4 14.Bf2 Qe8 15.b4 Bd7 16.a4
Nc8 17.Nb2 Qe7 18.Nc4 b6 19.c6 Be8 20.Bd3 Bf6 21.Kd1 Bh4 22.Bg1 Qg5 23.Qe2 Ra8
24.Nd2 a5 25.bxa5 Rxa5 26.Nb3 Ra8 27.Ra2 Bf7 28.Ba6 Qe7 29.Bb7 Rb8 30.Nc1 {#r}
1-0

[Event "Ch Czechoslovakia (corr.)"]
[Site "masterchessopen.com – corr."]
[Round "0"]
[White "Bujnoch Radek (CZE)"]
[Black "Miksatko Miroslav (CZE)"]
[Result "0-1"]
[WhiteElo "2203"]
[BlackElo "1962"]

1.d4 Nf6 2.c4 g6 3.Nc3 Bg7 4.e4 d6 5.f3 O-O 6.Be3 Nc6 7.Qd2 a6 8.Nge2 Rb8 9.h4
h5 10.O-O-O b5 11.Bh6 bxc4 12.Bxg7 Kxg7 13.d5 Ne5 14.Nf4 Bd7 15.Be2 Rb4
16.Rdg1 Qb8 17.g4 hxg4 18.h5 Rh8 19.hxg6 fxg6 20.Ne6+ Bxe6 21.f4 Nd3+ 22.Bxd3
cxd3 23.dxe6 Qb6 24.e5 Ne4 {#R} 0-1

[Event "Ch France (qual)"]
[Site "masterchessopen.com – France"]
[Round "0"]
[White "Roos Michel (FRA)"]
[Black "Dubreuil Nicolas (FRA)"]
[Result "1-0"]
[WhiteElo "2118"]
[BlackElo "2227"]

1.c4 Nf6 2.Nc3 g6 3.e4 d6 4.d4 Bg7 5.f3 O-O 6.Be3 Nc6 7.Qd2 a6 8.Nge2 Rb8 9.d5
Na5 10.Nd4 c5 11.dxc6 bxc6 12.Bd3 e5 13.Nde2 Be6 14.b3 d5 15.cxd5 cxd5 16.Bc5
d4 17.Na4 Bxb3 18.Nb6 Rxb6 19.Qxa5 Rc6 20.axb3 Qxa5+ 21.Rxa5 Rfc8 22.Ba3 Bf8
23.O-O {#r} 1-0

[Event "Regionalliga NordS"]
[Site "masterchessopen.com – Germany"]
[Round "0"]
[White "Sprotte Norbert (GER)"]
[Black "Rohde Ulrich (GER)"]
[Result "0-1"]
[WhiteElo "2185"]
[BlackElo "2204"]

1.d4 Nf6 2.c4 g6 3.Nc3 Bg7 4.e4 d6 5.f3 O-O 6.Be3 Nc6 7.Nge2 a6 8.Qd2 Rb8 9.a3
e5 10.d5 Ne7 11.Nc1 Ne8 12.Be2 f5 13.O-O Nf6 14.Nd3 f4 15.Ba7 Ra8 16.Bf2 g5
17.c5 Ng6 18.cxd6 cxd6 19.Na4 g4 20.Nb6 g3 21.hxg3 fxg3 22.Be3 Nh5 23.Nxa8 Qh4
24.Rfc1 Bh6 25.Bd1 Qh2+ 26.Kf1 Qh1+ 27.Ke2 Qxg2+ 28.Ke1 Qh1+ 29.Ke2 Qxf3+ {#R}
0-1

[Event "Ch Armed Forces (team)"]
[Site "masterchessopen.com – Leningrad (Russia)"]
[Round "0"]
[White "Levin Felix (GER)"]
[Black "Timoscenko Gennadij (SVK)"]
[Result "0-1"]
[WhiteElo "2320"]
[BlackElo "2500"]

1.d4 Nf6 2.c4 g6 3.Nc3 Bg7 4.e4 d6 5.f3 O-O 6.Be3 Nc6 7.Nge2 a6 8.Qd2 Rb8 9.a3
b5 10.cxb5 axb5 11.d5 Na5 12.Nd4 Bd7 13.b4 c5 14.dxc6 Nxc6 15.Ndxb5 Ne5 16.Be2
d5 17.exd5 Bxb5 18.Nxb5 Nxd5 19.Bd4 Qd7 20.a4 Nxb4 21.f4 Ned3+ 22.Bxd3 Bxd4
23.Be2 Bf2+ 24.Kd1 Qe6 25.Ra3 Rfd8 26.Bd3 Qg4+ 27.Kc1 Nxd3+ 28.Rxd3 Rxd3
29.Qxd3 Qxf4+ {#R} 0-1

[Event "It (open)"]
[Site "masterchessopen.com – Nuernberg (Germany)"]
[Round "0"]
[White "Eizenhammer Peter (GER)"]
[Black "Seibold Hubert Dr (GER)"]
[Result "0-1"]
[WhiteElo "2148"]
[BlackElo "2214"]

1.d4 Nf6 2.c4 g6 3.Nc3 Bg7 4.e4 d6 5.f3 O-O 6.Be3 Nc6 7.Qd2 a6 8.Nge2 Rb8 9.h4
h5 10.Bh6 b5 11.O-O-O bxc4 12.g4 e5 13.d5 Nd4 14.Bxg7 Nxe2+ 15.Bxe2 Kxg7
16.Rdg1 Rh8 17.g5 Nd7 18.Bxc4 Rb4 19.Bd3 Nc5 20.Rh2 Rd4 21.Ne2 Rxd3 22.Qc2
Rxf3 23.b4 Nd3+ {#R} 0-1

[Event "It"]
[Site "masterchessopen.com – Olomouc (Czech Republic)"]
[Round "0"]
[White "Kolasinski Marek (POL)"]
[Black "Belotti Bruno (ITA)"]
[Result "0-1"]
[WhiteElo "2206"]
[BlackElo "2433"]

1.d4 Nf6 2.c4 g6 3.Nc3 Bg7 4.e4 d6 5.f3 O-O 6.Be3 Nc6 7.Nge2 a6 8.Qd2 Rb8
9.Nc1 e5 10.Nb3 exd4 11.Nxd4 Ne5 12.Be2 c5 13.Nc2 Be6 14.b3 b5 15.cxb5 axb5
16.Nxb5 d5 17.Bxc5 dxe4 18.Qxd8 Rfxd8 19.Ncd4 Nd3+ 20.Bxd3 exd3 21.Rd1 Rd5
22.b4 Nd7 23.Nxe6 fxe6 24.a4 Nxc5 25.bxc5 Rc8 26.Kf2 Rcxc5 27.Rhe1 Rc2+ 28.Kf1
Bf8 29.Re3 Bc5 {#R} 0-1

[Event "It (open)"]
[Site "masterchessopen.com – Sibenik (Croatia)"]
[Round "0"]
[White "Iailian Mikhail (GEO)"]
[Black "Gunawan Ronny (INA)"]
[Result "1-0"]
[WhiteElo "2430"]
[BlackElo "2395"]

1.d4 Nf6 2.c4 g6 3.Nc3 Bg7 4.e4 d6 5.f3 O-O 6.Be3 Nc6 7.Nge2 a6 8.Qd2 Rb8
9.Bh6 b5 10.h4 bxc4 11.Bxg7 Kxg7 12.h5 Nb4 13.Ng3 c5 14.hxg6 fxg6 15.Bxc4 h5
16.Nxh5+ Nxh5 17.Rxh5 Nd3+ 18.Bxd3 gxh5 19.Qg5+ Kf7 20.Qxh5+ Ke6 21.dxc5 Rxb2
22.O-O-O Rb4 23.Qd5+ Kf6 24.e5+ {#r} 1-0

[Event "It (open)"]
[Site "masterchessopen.com – Badenweiler (Germany)"]
[Round "0"]
[White "Knaak Rainer (GER)"]
[Black "Thomas Thiemo (GER)"]
[Result "1-0"]
[WhiteElo "2482"]
[BlackElo "2141"]

1.d4 Nf6 2.c4 g6 3.Nc3 Bg7 4.e4 O-O 5.Be3 d6 6.f3 Nc6 7.Nge2 a6 8.Qd2 Rb8 9.h4
h5 10.Nc1 e5 11.d5 Nd4 12.Nb3 c5 13.dxc6 bxc6 14.Nxd4 exd4 15.Bxd4 Qa5 16.Rc1
Be6 17.Be2 Rfe8 18.b3 Rbc8 19.O-O d5 20.exd5 cxd5 21.Qf4 Bf5 22.cxd5 Rxc3
23.Bxc3 Qxc3 24.Rxc3 Nxd5 25.Qd2 Bxc3 26.Qxd5 Rxe2 27.Qc4 Rc2 28.g4 {#r} 1-0

[Event "It"]
[Site "masterchessopen.com – Balassagyarmat (Hungary)"]
[Round "0"]
[White "Meister Peter (GER)"]
[Black "Roeder Mathias (GER)"]
[Result "0-1"]
[WhiteElo "2428"]
[BlackElo "2398"]

1.d4 Nf6 2.c4 g6 3.Nc3 Bg7 4.e4 d6 5.f3 O-O 6.Be3 Nc6 7.Nge2 a6 8.Qd2 Rb8 9.h4
h5 10.O-O-O b5 11.Nf4 Bd7 12.g4 hxg4 13.h5 e5 14.h6 exf4 15.Bxf4 Nxe4 16.hxg7
Nxd2 17.gxf8=Q+ Qxf8 18.Rxd2 Qg7 19.Bh6 Qh8 20.Bg2 gxf3 21.Bxf3 Nxd4 22.Bd5
Qe5 23.Ne4 Bf5 24.Ng5 Ne6 25.Nf3 Qf6 26.Rdh2 bxc4 27.Bxe6 Rxb2 {#R} 0-1

[Event "It (open)"]
[Site "masterchessopen.com – Chartres (France)"]
[Round "1"]
[White "Johansen Arild (NOR)"]
[Black "Belkhodja Slim (TUN)"]
[Result "0-1"]
[WhiteElo "2075"]
[BlackElo "2440"]

1.d4 Nf6 2.c4 g6 3.Nc3 Bg7 4.e4 d6 5.f3 O-O 6.Be3 Nc6 7.Nge2 a6 8.Qd2 Rb8 9.g4
h5 10.gxh5 Nxh5 11.Ng3 e5 12.Nxh5 Qh4+ 13.Qf2 Qxh5 14.d5 Nd4 15.Bxd4 exd4
16.Ne2 c5 17.O-O-O f5 18.Ng3 Qh4 19.exf5 Bxf5 20.Bd3 b5 21.Bxf5 gxf5 22.cxb5
Rxb5 23.Qe2 d3 24.Qe6+ Kh8 {#R} 0-1

[Event "It"]
[Site "masterchessopen.com – Daugavpils (Latvia)"]
[Round "0"]
[White "Hoi Carsten (DEN)"]
[Black "Lapinski J"]
[Result "1-0"]
[WhiteElo "2445"]
[BlackElo "2200"]

1.d4 Nf6 2.c4 g6 3.Nc3 Bg7 4.e4 d6 5.f3 O-O 6.Be3 Nc6 7.Nge2 a6 8.Qd2 Rb8 9.g4
b5 10.h4 h5 11.Ng3 hxg4 12.h5 gxf3 13.h6 Bh8 14.h7+ Nxh7 15.Qh2 f2+ 16.Kd2
{#r} 1-0

[Event "It"]
[Site "masterchessopen.com – Ermua (Spain)"]
[Round "0"]
[White "Cruz-Lopez Claret Carlos (ESP)"]
[Black "Basto Auzmendi Mario (ESP)"]
[Result "1-0"]
[WhiteElo "2334"]
[BlackElo "2024"]

1.d4 Nf6 2.c4 g6 3.Nc3 Bg7 4.e4 d6 5.f3 O-O 6.Be3 Nc6 7.Nge2 a6 8.Qd2 Rb8 9.h4
b5 10.h5 Na5 11.Ng3 Nxc4 12.Bxc4 bxc4 13.O-O-O c6 14.Bh6 Bxh6 15.Qxh6 Qa5
16.e5 dxe5 17.Nge4 Bf5 18.Nxf6+ exf6 19.hxg6 Bxg6 20.Ne4 Bxe4 21.fxe4 Rfd8
22.Rh4 {#r} 1-0

[Event "It"]
[Site "masterchessopen.com – Espoo (Finland)"]
[Round "0"]
[White "Henttinen Markku I O (FIN)"]
[Black "Westerinen Heikki M J (FIN)"]
[Result "0-1"]
[WhiteElo "2270"]
[BlackElo "2475"]

1.d4 Nf6 2.c4 g6 3.Nc3 Bg7 4.e4 d6 5.f3 O-O 6.Be3 Nc6 7.Nge2 a6 8.Qd2 Rb8
9.Nc1 e5 10.d5 Nd4 11.N1e2 c5 12.dxc6 Nxc6 13.Nd5 b5 14.Nec3 Nxd5 15.cxd5 Nd4
16.Ne2 f5 17.Nxd4 exd4 18.Bg5 Qb6 19.Bd3 fxe4 20.fxe4 b4 21.O-O-O b3 22.a3 Bg4
23.Rdf1 Rfc8+ 24.Kb1 Rc2 25.Qf4 Qc7 26.Rc1 Be2 27.Bxc2 bxc2+ 28.Rxc2 Bd3
29.Rc1 Qb6 30.b4 a5 31.Qf3 Qb5 32.Bd2 Qc4 33.Kb2 Bxc2 {#R} 0-1

[Event "Bundesliga 1989/90 (2nd)"]
[Site "masterchessopen.com – Germany"]
[Round "0"]
[White "Nautsch Werner (GER)"]
[Black "Rieke Theo (GER)"]
[Result "1-0"]
[WhiteElo "2201"]
[BlackElo "2162"]

1.d4 Nf6 2.c4 g6 3.Nc3 Bg7 4.e4 d6 5.f3 O-O 6.Be3 Nc6 7.Qd2 a6 8.Nge2 Rb8 9.d5
Na5 10.Nc1 c5 11.Rb1 b6 12.b4 Nb7 13.a3 Bd7 14.Be2 e5 15.dxe6 fxe6 16.O-O e5
17.Bg5 Be6 18.Rd1 Qc7 19.b5 a5 20.Na4 Rbd8 21.Na2 Rd7 22.N2c3 Rb8 23.Bxf6 Bxf6
24.Nd5 Bxd5 25.Qxd5+ Kf8 26.Qc6 Bd8 27.Nxb6 {#r} 1-0

[Event "It"]
[Site "masterchessopen.com – Habana (Cuba)"]
[Round "5"]
[White "Dragomarezkij Evgeni (RUS)"]
[Black "Lopez Carlos Manuel (CUB)"]
[Result "1-0"]
[WhiteElo "2435"]
[BlackElo "2316"]

1.c4 Nf6 2.Nc3 g6 3.e4 d6 4.d4 Bg7 5.f3 O-O 6.Be3 a6 7.Qd2 Nc6 8.Nge2 Rb8
9.Rd1 b5 10.Nc1 bxc4 11.Bxc4 e5 12.dxe5 Nxe5 13.Be2 Be6 14.b3 Qc8 15.O-O Re8
16.Nd3 Nxd3 17.Qxd3 a5 18.Rc1 Qb7 19.Nb5 Re7 20.Qd2 Ra8 21.Rc2 d5 22.Rfc1 Ne8
23.Bd3 a4 24.b4 Rd8 25.Nd4 dxe4 26.Bxe4 Bd5 27.Nc6 Red7 28.Nxd8 Rxd8 29.Rc5 c6
30.b5 Qb8 31.Bxd5 cxd5 32.Rxd5 {#r} 1-0

[Event "Ch Russia"]
[Site "masterchessopen.com – Kuibyshev (Russia)"]
[Round "0"]
[White "Kramnik Vladimir (RUS)"]
[Black "Isupov Vladimir (RUS)"]
[Result "1-0"]
[WhiteElo "2450"]
[BlackElo "2385"]

1.c4 g6 2.d4 Bg7 3.e4 d6 4.Nc3 Nf6 5.f3 O-O 6.Be3 Nc6 7.Nge2 a6 8.Qd2 Rb8 9.h4
e5 10.d5 Na5 11.Ng3 c5 12.Rb1 b6 13.h5 Bd7 14.b4 cxb4 15.Rxb4 Qc7 16.h6 Bh8
17.Qb2 b5 18.cxb5 Rfc8 19.bxa6 Rxb4 20.Qxb4 Qxc3+ 21.Qxc3 Rxc3 22.a7 Rc8
23.Ba6 Ra8 24.O-O Be8 25.Rc1 {#r} 1-0

[Event "Zt"]
[Site "masterchessopen.com – Lyons (France)"]
[Round "6"]
[White "Brenninkmeijer Joris (NED)"]
[Black "Stull Norbert (LUX)"]
[Result "1-0"]
[WhiteElo "2510"]
[BlackElo "2081"]

1.d4 Nf6 2.c4 g6 3.Nc3 Bg7 4.e4 d6 5.f3 O-O 6.Be3 Nc6 7.Nge2 a6 8.Qd2 Rb8 9.a3
b5 10.cxb5 axb5 11.d5 Ne5 12.Nd4 Bd7 13.b4 e6 14.Be2 exd5 15.exd5 Re8 16.O-O
Nc4 17.Bxc4 bxc4 18.b5 Qc8 19.a4 Bf5 20.Nc6 Ra8 21.Bd4 Bd3 22.Rfe1 Qf5
23.Rxe8+ Rxe8 24.Re1 Rxe1+ 25.Qxe1 Bf8 26.Ne7+ Bxe7 27.Qxe7 Nd7 28.Qd8+ Nf8
29.Qf6 Qxf6 30.Bxf6 Ne6 31.dxe6 fxe6 32.a5 {#r} 1-0

[Event "Zt"]
[Site "masterchessopen.com – Lyons (France)"]
[Round "2"]
[White "Van Der Sterren Paul (NED)"]
[Black "Stull Norbert (LUX)"]
[Result "1-0"]
[WhiteElo "2515"]
[BlackElo "2081"]

1.d4 Nf6 2.c4 g6 3.Nc3 Bg7 4.e4 d6 5.f3 O-O 6.Be3 Nc6 7.Nge2 a6 8.Qd2 Rb8
9.Nc1 e5 10.Nb3 exd4 11.Nxd4 Nxd4 12.Bxd4 Be6 13.Be2 c6 14.O-O d5 15.exd5 cxd5
16.c5 Qc7 17.Rac1 Rbd8 18.Rfd1 Rfe8 19.Bf1 h5 20.b4 Kh7 21.Qb2 h4 22.Nxd5 Nxd5
23.Bxg7 Nxb4 24.Rxd8 Qxd8 25.Bf6 Qa5 26.Qd4 g5 27.Bxg5 Nd5 28.Qxh4+ Kg8 29.Qg3
Kh8 30.Rc4 Bf5 31.Rh4+ Bh7 32.Rxh7+ Kxh7 33.Bd3+ {#r} 1-0

[Event "Tournament"]
[Site "masterchessopen.com – Muenster (Germany)"]
[Round "2"]
[White "Stoering Volker (GER)"]
[Black "Theissen Henning (GER)"]
[Result "1-0"]
[WhiteElo "2345"]
[BlackElo "2275"]

1.d4 Nf6 2.c4 g6 3.Nc3 Bg7 4.e4 d6 5.f3 O-O 6.Be3 Nc6 7.Qd2 a6 8.Nge2 Rb8 9.a3
Bd7 10.b4 b5 11.cxb5 axb5 12.d5 Ne5 13.Nd4 e6 14.Be2 c5 15.dxc6 Bxc6 16.O-O
Qd7 17.Rac1 d5 18.Nxc6 Nxc6 19.Bxb5 d4 20.Bxc6 Qxc6 21.Bxd4 Rfd8 22.Nd5 Qa8
23.Bxf6 exd5 24.Bxd8 Rxd8 25.exd5 Rxd5 26.Rc8+ {#r} 1-0

[Event "Olympiad"]
[Site "masterchessopen.com – Novi Sad (Yugoslavia)"]
[Round "0"]
[White "Xu Jun (CHN)"]
[Black "Belotti Bruno (ITA)"]
[Result "0-1"]
[WhiteElo "2500"]
[BlackElo "2433"]

1.d4 Nf6 2.c4 g6 3.Nc3 Bg7 4.e4 d6 5.f3 O-O 6.Be3 Nc6 7.Qd2 a6 8.Nge2 Rb8
9.Nc1 e5 10.Nb3 exd4 11.Nxd4 Ne5 12.Rd1 c6 13.Be2 b5 14.cxb5 axb5 15.b4 c5
16.Nc2 cxb4 17.Nxb4 Qa5 18.Rb1 Nc4 19.Bxc4 bxc4 20.Qxd6 Ng4 21.Bd2 Be5 22.Qd5
Qa7 23.fxg4 Bxc3 24.Qg5 Bxd2+ 25.Qxd2 Re8 26.Qf4 c3 27.Ke2 Qd4 {#R} 0-1

[Event "Ch Paris (open)"]
[Site "masterchessopen.com – Paris (France)"]
[Round "0"]
[White "Louistisserand P"]
[Black "Ladisic Alex-Sacha (FRA)"]
[Result "1-0"]
[WhiteElo "2200"]
[BlackElo "2041"]

1.d4 Nf6 2.c4 g6 3.Nc3 Bg7 4.e4 d6 5.f3 Nc6 6.Nge2 a6 7.Be3 Rb8 8.Qd2 O-O
9.Nd5 b5 10.cxb5 axb5 11.Nxf6+ Bxf6 12.h4 h5 13.g4 hxg4 14.h5 gxf3 15.hxg6
fxg6 16.Nf4 e5 17.Nd5 exd4 18.Qh2 f2+ 19.Bxf2 Rf7 20.O-O-O Bg4 21.Rd3 Ne5
22.Rh3 Bxh3 23.Bxh3 Nd3+ 24.Kb1 Nxf2 25.Be6 Nxh1 26.Qh6 Bg7 27.Qxg6 Qf8
28.Nf6+ {#r} 1-0

[Event "It (open)"]
[Site "masterchessopen.com – Philadelphia (USA)"]
[Round "0"]
[White "Christiansen Larry M (USA)"]
[Black "Magar Thomas P (USA)"]
[Result "1-0"]
[WhiteElo "2560"]
[BlackElo "2079"]

1.c4 Nf6 2.Nc3 g6 3.e4 d6 4.d4 Bg7 5.f3 O-O 6.Be3 Nc6 7.Qd2 a6 8.Nge2 Rb8 9.h4
h5 10.Nc1 e5 11.d5 Nd4 12.Nb3 Nxb3 13.axb3 c5 14.Be2 b6 15.Nd1 a5 16.Nf2 Bd7
17.g4 Re8 18.Bg5 hxg4 19.fxg4 Qc8 20.h5 Nxg4 21.Bxg4 Bxg4 22.h6 Bf8 23.h7+ Kh8
24.Bf6+ Bg7 25.Qg5 Bd7 26.Rc1 b5 27.Rc3 bxc4 28.Rf3 {#r} 1-0